[Event "Landesliga Ost MVP 2013-14"]
[Site "?"]
[Date "2014.02.23"]
[Round "6.6"]
[White "Tabbert, Dirk"]
[Black "Mielke, Sven"]
[Result "1/2-1/2"]
[WhiteElo "1588"]
[BlackElo "1812"]
[PlyCount "127"]
[EventType "team-tourn"]
[EventRounds "9"]
[EventCountry "GER"]
[WhiteTeam "SV Rugia Bergen"]
[BlackTeam "SV Gryps"]
[WhiteTeamCountry "GER"]
[BlackTeamCountry "GER"]

1. c4 e6 2. Nc3 d5 3. cxd5 exd5 4. d4 Nf6 5. Bg5 c6 6. Nf3 Nbd7 7. e3 Be7 8.
Bd3 O-O 9. O-O Re8 10. Rc1 Nf8 11. Qc2 Nh5 12. Bxe7 Qxe7 13. a3 g6 14. b4 a6
15. Na4 Ne6 16. Nc5 Ng5 17. Be2 Ng7 18. Ne5 f6 19. Nf3 Bf5 20. Qa2 Ne4 21. Nxa6
bxa6 22. Rxc6 Be6 23. Rxa6 Qb7 24. Rxa8 Rxa8 25. Qb3 Qc6 26. b5 Qc3 27. Rb1
Rxa3 28. Qb2 Qxb2 29. Rxb2 Ra1+ 30. Bf1 Bc8 31. Nd2 Nxd2 32. Rxd2 Rb1 33. Rc2
Bb7 $4 34. Rc7 Ne8 35. Rxb7 Nd6 36. Rb8+ Kg7 37. g3 h5 38. Kg2 Rb3 39. Rd8 Nxb5
40. Rxd5 Nc3 41. Rd7+ Kh6 42. Kf3 Rb2 43. Rc7 Nd5 44. Rc5 Ne7 45. Rc1 f5 46.
Rd1 Nc8 47. Re1 Nd6 48. Re2 Rb1 49. Bg2 Rg1 50. h4 Ne4 51. Bh3 Kg7 52. Kf4 Kf6
53. Rb2 Rd1 54. Rb6+ Kg7 55. f3 Nf2 56. Bxf5 gxf5 57. Kxf5 Rd3 58. Re6 Nd1 59.
Kf4 Nf2 60. Kg5 Nd1 61. Kf4 Nf2 62. Rd6 Nh3+ 63. Ke4 Nf2+ 64. Kf4 1/2-1/2

[Event "Landesliga Ost MVP 2013-14"]
[Site "?"]
[Date "2014.02.23"]
[Round "6.7"]
[White "Springer, Guido"]
[Black "Rosenbusch, Robert Mario"]
[Result "1-0"]
[WhiteElo "1762"]
[BlackElo "1568"]
[PlyCount "51"]
[EventType "team-tourn"]
[EventRounds "9"]
[EventCountry "GER"]
[WhiteTeam "SV Gryps"]
[BlackTeam "SV Rugia Bergen"]
[WhiteTeamCountry "GER"]
[BlackTeamCountry "GER"]

1. d4 Nf6 2. Nf3 e6 3. e3 c5 4. Bd3 Nc6 5. O-O Be7 6. b3 O-O 7. Bb2 b6 8. Nbd2
Nb4 9. Be2 Bb7 10. c3 Nc6 11. Bd3 d5 12. Ne5 Qc7 13. f4 Rad8 14. Qf3 Nxe5 15.
fxe5 Ne4 16. Nxe4 dxe4 17. Bxe4 Bxe4 18. Qxe4 c4 19. Rf3 Rde8 20. Qg4 b5 21. b4
a5 22. a3 Ra8 23. Raf1 axb4 24. axb4 Ra2 25. Bc1 Rc2 26. e4 1-0

[Event "Landesliga Ost MVP 2013-14"]
[Site "?"]
[Date "2014.02.23"]
[Round "6.8"]
[White "Klingenberg, Dietrich"]
[Black "Matzek, Franz David"]
[Result "1/2-1/2"]
[WhiteElo "1577"]
[BlackElo "1654"]
[PlyCount "114"]
[EventType "team-tourn"]
[EventRounds "9"]
[EventCountry "GER"]
[WhiteTeam "SV Rugia Bergen"]
[BlackTeam "SV Gryps"]
[WhiteTeamCountry "GER"]
[BlackTeamCountry "GER"]

1. e4 Nf6 2. e5 Nd5 3. c4 Nb6 4. Nc3 d6 5. d4 dxe5 6. dxe5 Qxd1+ 7. Nxd1 Nc6 8.
Bf4 e6 9. Nf3 Bc5 10. a3 a5 11. Bd3 Nd4 12. Nxd4 Bxd4 13. O-O Nd7 14. Re1 Nc5
15. Bc2 b6 16. Rb1 a4 17. Ne3 Nd7 18. Be4 Ra5 19. Bc6 O-O 20. Nc2 Bxe5 21. Bd2
Rc5 22. Bxd7 Bxd7 23. Bb4 Bd6 24. Bxc5 Bxc5 25. Nb4 Bc8 26. Rbd1 f6 27. Rd2 Kf7
28. Red1 Bd6 29. Rxd6 cxd6 30. Rxd6 e5 31. Rxb6 Rd8 32. Nd5 Be6 33. Rb7+ Kg6
34. Rb5 Kf7 35. Kf1 Rc8 36. Rb7+ Kf8 37. Rb4 Rc5 38. Nb6 Rc6 39. Nxa4 Rxc4 40.
Rxc4 Bxc4+ 41. Ke1 Ke7 42. Kd2 Kd6 43. Kc3 Bd5 44. g3 Kc6 45. b4 h5 46. Nc5 f5
47. Nd3 Kd6 48. f4 e4 49. Ne5 Be6 50. Kd4 Bd7 51. Nxd7 Kxd7 52. b5 Kc7 53. a4
Kb7 54. a5 Kc7 55. h3 Kb7 56. Ke3 Kc7 57. g4 g6 (57... g6 58. gxf5 gxf5 59. b6+
Kc6 60. h4 Kb7 61. Kd4 Ka6 62. Kc4 Kb7 63. Kb5 e3 64. a6+ Kc8 65. Kc6 {und
Weiß gewinnt}) 1/2-1/2

[Event "Landesliga Ost MVP 2013-14"]
[Site "?"]
[Date "2014.02.23"]
[Round "6.1"]
[White "Dao Xuan, Duong"]
[Black "Luethke, Hans Eckart"]
[Result "0-1"]
[WhiteElo "1731"]
[BlackElo "2096"]
[PlyCount "56"]
[EventType "team-tourn"]
[EventRounds "9"]
[EventCountry "GER"]
[WhiteTeam "SG Eintracht Neubrandenburg II"]
[BlackTeam "SSC Graal-Müritz"]
[WhiteTeamCountry "GER"]
[BlackTeamCountry "GER"]

1. e4 c5 2. Nf3 e6 3. d4 cxd4 4. Nxd4 Nf6 5. Nc3 Nc6 6. Bg5 h6 7. Be3 Bb4 8. f3
d5 9. Bb5 Bd7 10. O-O e5 11. Nb3 d4 12. Nd5 dxe3 13. Bxc6 bxc6 14. Nxb4 e2 15.
Qxe2 Qb6+ 16. Rf2 Qxb4 17. Rd1 O-O 18. a3 Qb6 19. Qc4 Be6 20. Qc5 Rfd8 21.
Rxd8+ Rxd8 22. Qxb6 axb6 23. Rd2 Rxd2 24. Nxd2 Kf8 25. Kf2 Ke7 26. Ke3 Nd7 27.
Kd3 Nc5+ 28. Kc3 Na4+ 0-1

[Event "Landesliga Ost MVP 2013-14"]
[Site "?"]
[Date "2014.02.23"]
[Round "6.2"]
[White "Schumann, Lutz"]
[Black "Rehbein, Hans Juergen"]
[Result "1-0"]
[WhiteElo "1838"]
[BlackElo "1652"]
[PlyCount "101"]
[EventType "team-tourn"]
[EventRounds "9"]
[EventCountry "GER"]
[WhiteTeam "SSC Graal-Müritz"]
[BlackTeam "SG Eintracht Neubrandenburg II"]
[WhiteTeamCountry "GER"]
[BlackTeamCountry "GER"]

1. c4 e5 2. Nc3 Nc6 3. g3 g6 4. Bg2 Bg7 5. Nf3 Nf6 6. O-O O-O 7. d3 d6 8. Bg5
Ne7 9. Qd2 Bf5 10. Nh4 c6 11. Rac1 Be6 12. Nf3 Qd7 13. Rfd1 Bh3 14. Bh1 Nh5 15.
Bh6 Nf5 16. Bxg7 Nfxg7 17. c5 Nf6 18. cxd6 Qxd6 19. Qh6 Bg4 20. Ne4 Nf5 21. Qg5
Nxe4 22. dxe4 Nd4 23. Nxd4 exd4 24. Qxg4 c5 25. Bf3 f5 26. exf5 Rxf5 27. Qe4
Rb8 28. Kg2 b6 29. Qc6 Qe7 30. Bd5+ Kh8 31. Qe6 Qg5 32. h4 Qh5 33. Bf3 Qh6 34.
Bg4 Rff8 35. h5 Qg7 36. hxg6 Qxg6 37. Qxg6 hxg6 38. b3 Kg7 39. a4 Rf6 40. Rd3
Rbf8 41. Rf3 Rxf3 42. Bxf3 Rc8 43. Bd5 Kf6 44. Rh1 Kg7 45. Rh4 Rd8 46. Bc4 Rd7
47. Re4 Rc7 48. g4 Rd7 49. g5 Rc7 50. Re6 Kh7 51. Rf6 1-0

[Event "Landesliga Ost MVP 2013-14"]
[Site "?"]
[Date "2014.02.23"]
[Round "6.3"]
[White "Witkowski, Rainer"]
[Black "Schulz, Wolf Detlef"]
[Result "0-1"]
[WhiteElo "1833"]
[BlackElo "1838"]
[PlyCount "40"]
[EventType "team-tourn"]
[EventRounds "9"]
[EventCountry "GER"]
[WhiteTeam "SG Eintracht Neubrandenburg II"]
[BlackTeam "SSC Graal-Müritz"]
[WhiteTeamCountry "GER"]
[BlackTeamCountry "GER"]

1. e4 e5 2. Nf3 Nf6 3. d3 Nc6 4. Be3 d5 5. exd5 Nxd5 6. Qd2 Bb4 7. c3 Ba5 8.
Na3 Nxe3 9. Qxe3 Bb6 10. Qg5 O-O 11. Qxd8 Rxd8 12. Nc4 Bf5 13. Nxb6 axb6 14.
Kd2 e4 15. Ne1 exd3 16. b3 Na5 17. Rb1 Nxb3+ 18. Rxb3 Rxa2+ 19. Kd1 Ra1+ 20.
Kd2 Rxe1 0-1

[Event "Landesliga Ost MVP 2013-14"]
[Site "?"]
[Date "2014.02.23"]
[Round "6.4"]
[White "Poppe, Thomas"]
[Black "Buenz, Heinrich"]
[Result "1-0"]
[WhiteElo "1696"]
[BlackElo "1714"]
[PlyCount "79"]
[EventType "team-tourn"]
[EventRounds "9"]
[EventCountry "GER"]
[WhiteTeam "SSC Graal-Müritz"]
[BlackTeam "SG Eintracht Neubrandenburg II"]
[WhiteTeamCountry "GER"]
[BlackTeamCountry "GER"]

1. d4 Nf6 2. c4 e6 3. Nc3 Be7 4. Nf3 b6 5. Bf4 Bb7 6. e3 Nh5 7. Be2 g5 8. Be5
Rg8 9. Qd3 f5 10. Nd2 g4 11. e4 f4 12. d5 d6 13. Bxg4 Rxg4 14. Qf3 Rg5 15. Bxf4
Nxf4 16. Qxf4 e5 17. Qh4 Qd7 18. Qxh7 Qg4 19. f3 Rh5 20. Qxe7+ Kxe7 21. fxg4
Rg5 22. h3 Na6 23. Ke2 Nb4 24. Nf3 Rgg8 25. Kd2 Raf8 26. Raf1 Na6 27. Nh4 c6
28. Rxf8 Kxf8 29. Rf1+ Ke7 30. Nf5+ Kd7 31. Nh6 Rg7 32. Rf6 cxd5 33. cxd5 Kc7
34. Nb5+ Kb8 35. Rf8+ Bc8 36. Nxd6 Rc7 37. Rxc8+ Rxc8 38. Nxc8 Kxc8 39. Nf7 Nc5
40. Ke3 1-0

[Event "Landesliga Ost MVP 2013-14"]
[Site "?"]
[Date "2014.02.23"]
[Round "6.5"]
[White "Stock, Joachim"]
[Black "Micheel, Peter"]
[Result "1/2-1/2"]
[WhiteElo "1580"]
[BlackElo "1710"]
[PlyCount "48"]
[EventType "team-tourn"]
[EventRounds "9"]
[EventCountry "GER"]
[WhiteTeam "SG Eintracht Neubrandenburg II"]
[BlackTeam "SSC Graal-Müritz"]
[WhiteTeamCountry "GER"]
[BlackTeamCountry "GER"]

1. e4 e6 2. d4 d5 3. exd5 exd5 4. Nf3 Nf6 5. Bf4 Be7 6. Bd3 Bg4 7. Nbd2 Nc6 8.
c3 O-O 9. O-O Bh5 10. Be2 Bd6 11. Bg3 Re8 12. Re1 Bxg3 13. hxg3 Qd6 14. Nh2
Bxe2 15. Rxe2 Rxe2 16. Qxe2 Re8 17. Qd3 Nd8 18. Nhf3 Nd7 19. Re1 Rxe1+ 20. Nxe1
c6 21. Ndf3 Qg6 22. Qxg6 hxg6 23. Kf1 f6 24. Ke2 Kf7 1/2-1/2

[Event "Landesliga Ost MVP 2013-14"]
[Site "?"]
[Date "2014.02.23"]
[Round "6.6"]
[White "Kundt, Guenther"]
[Black "Sommer, Hans Hermann"]
[Result "0-1"]
[WhiteElo "1528"]
[BlackElo "1663"]
[PlyCount "72"]
[EventType "team-tourn"]
[EventRounds "9"]
[EventCountry "GER"]
[WhiteTeam "SSC Graal-Müritz"]
[BlackTeam "SG Eintracht Neubrandenburg II"]
[WhiteTeamCountry "GER"]
[BlackTeamCountry "GER"]

1. d4 Nf6 2. c4 g6 3. Nc3 d5 4. cxd5 Nxd5 5. e4 Nxc3 6. bxc3 Bg7 7. Bc4 O-O 8.
Be3 c5 9. Ne2 Nc6 10. O-O cxd4 11. cxd4 Bg4 12. f3 Na5 13. Bxf7+ Rxf7 14. fxg4
Rxf1+ 15. Qxf1 Qd7 16. h3 Nc4 17. Bf2 Nd2 18. Qe1 Nxe4 19. Be3 b5 20. Rc1 Nd6
21. Rc5 Nc4 22. Bf2 a6 23. Qb1 Rf8 24. Qe4 e6 25. Bg3 Rc8 26. Rxc8+ Qxc8 27.
Nf4 Kf7 28. d5 e5 29. Ne6 Nd2 30. Qe1 Qc3 31. Nxg7 e4 32. Ne6 Ke7 33. Bf4 Nf3+
34. gxf3 Qxe1+ 35. Kh2 Qf2+ 36. Kh1 exf3 0-1

[Event "Landesliga Ost MVP 2013-14"]
[Site "?"]
[Date "2014.02.23"]
[Round "6.8"]
[White "Schroeter, Reinhard"]
[Black "Zibell, Walter"]
[Result "0-1"]
[WhiteElo "1476"]
[BlackElo "1782"]
[PlyCount "80"]
[EventType "team-tourn"]
[EventRounds "9"]
[EventCountry "GER"]
[WhiteTeam "SSC Graal-Müritz"]
[BlackTeam "SG Eintracht Neubrandenburg II"]
[WhiteTeamCountry "GER"]
[BlackTeamCountry "GER"]

1. d4 Nf6 2. Nf3 g6 3. c4 Bg7 4. Nc3 O-O 5. e4 d6 6. Be2 Bg4 7. h3 Bc8 8. O-O
Nbd7 9. Be3 e5 10. dxe5 dxe5 11. Qc2 c6 12. Rfd1 Qe7 13. Rac1 Ne8 14. g4 a5 15.
Rd2 Nc5 16. Kg2 f5 17. gxf5 gxf5 18. exf5 Bxf5 19. Bxc5 Qxc5 20. Bd3 Bxh3+ 21.
Kxh3 Rxf3+ 22. Kg2 Rf4 23. Bxh7+ Kf8 24. Ne4 Qe7 25. Rh1 Bh6 26. Ng3 Rf6 27.
Rdd1 Qe6 28. Bf5 Qg8 29. Rd7 Nd6 30. Kf1 Qg5 31. Rh7 Kg8 32. Rh5 Qf4 33. Bg6
Raf8 34. Rh2 Qxg3 35. R7xh6 e4 36. Rh8+ Kg7 37. R8h3 Rxf2+ 38. Rxf2 Qxh3+ 39.
Ke1 Qh1+ 40. Ke2 Rxf2+ 0-1

[Event "Landesliga Ost MVP 2013-14"]
[Site "?"]
[Date "2014.02.23"]
[Round "6.1"]
[White "Voelschow, Siegfried"]
[Black "Pruesse, Horst"]
[Result "1/2-1/2"]
[WhiteElo "1975"]
[BlackElo "1947"]
[PlyCount "48"]
[EventType "team-tourn"]
[EventRounds "9"]
[EventCountry "GER"]
[WhiteTeam "SV Waterkant Saal"]
[BlackTeam "SG Eintracht Neubrandenburg"]
[WhiteTeamCountry "GER"]
[BlackTeamCountry "GER"]

1. e4 c5 2. c3 Nf6 3. e5 Nd5 4. Nf3 g6 5. Bc4 Nb6 6. Bb3 c4 7. Bc2 Bg7 8. O-O
O-O 9. b3 Nc6 10. Re1 d5 11. exd6 exd6 12. bxc4 Bg4 13. h3 Bxf3 14. Qxf3 Nxc4
15. d4 Qa5 16. Rd1 Rfe8 17. Nd2 d5 18. Nb3 Qd8 19. Bf4 b6 20. Re1 Qd7 21. Nd2
Nxd2 22. Bxd2 Na5 23. Bb3 Nxb3 24. axb3 a5 1/2-1/2

[Event "Landesliga Ost MVP 2013-14"]
[Site "?"]
[Date "2014.02.23"]
[Round "6.2"]
[White "Lansky, Georg"]
[Black "Schwarz, Eckhard"]
[Result "0-1"]
[WhiteElo "1849"]
[BlackElo "1843"]
[PlyCount "78"]
[EventType "team-tourn"]
[EventRounds "9"]
[EventCountry "GER"]
[WhiteTeam "SG Eintracht Neubrandenburg"]
[BlackTeam "SV Waterkant Saal"]
[WhiteTeamCountry "GER"]
[BlackTeamCountry "GER"]

1. e4 e6 2. d4 d5 3. Nc3 Bb4 4. e5 c5 5. a3 Ba5 6. Qg4 Kf8 7. Bd2 cxd4 8. Qxd4
Nc6 9. Qf4 d4 10. Ne4 Nge7 11. Nd6 Bxd2+ 12. Kxd2 Nf5 13. Nxf5 exf5 14. Nf3 h6
15. h4 Qa5+ 16. b4 Nxb4 17. Qxd4 Nc6+ 18. Qc3 Qxc3+ 19. Kxc3 Be6 20. Bb5 Rc8
21. Kb2 Bd5 22. Bxc6 Bxc6 23. Rhd1 g6 24. Rd6 Be4 25. Nd4 Bxg2 26. Rg1 Be4 27.
e6 f4 28. exf7 Kxf7 29. Rd7+ Kf6 30. c3 Rhd8 31. Rh7 Rd6 32. Rxh6 Rb6+ 33. Nb3
Rbc6 34. f3 Kg7 35. Rh5 Bxf3 36. Rhg5 Be4 37. Nd4 Rb6+ 38. Nb3 Bd3 39. h5 f3
0-1

[Event "Landesliga Ost MVP 2013-14"]
[Site "?"]
[Date "2014.02.23"]
[Round "6.3"]
[White "Onasch, Gunnar"]
[Black "Rossmann, Andreas"]
[Result "1/2-1/2"]
[WhiteElo "1863"]
[BlackElo "1977"]
[PlyCount "149"]
[EventType "team-tourn"]
[EventRounds "9"]
[EventCountry "GER"]
[WhiteTeam "SV Waterkant Saal"]
[BlackTeam "SG Eintracht Neubrandenburg"]
[WhiteTeamCountry "GER"]
[BlackTeamCountry "GER"]

1. d4 Nf6 2. c4 e6 3. Nf3 Bb4+ 4. Bd2 Qe7 5. a3 Bxd2+ 6. Qxd2 Ne4 7. Qc2 f5 8.
Nc3 Nxc3 9. Qxc3 b6 10. e3 Bb7 11. Be2 O-O 12. Rd1 d6 13. O-O Nd7 14. Nd2 e5
15. f3 Rae8 16. Rfe1 Qf6 17. b4 Re7 18. Nb3 Rfe8 19. d5 Ba6 20. c5 Bxe2 21.
Rxe2 bxc5 22. bxc5 dxc5 23. Nxc5 Qd6 24. Nxd7 Rxd7 25. Rb2 e4 26. Rd4 exf3 27.
gxf3 Rde7 28. Rd3 Qh6 29. Re2 Qh3 30. Qc4 Kf8 31. Qf4 h6 32. Qg3 Qh5 33. Rc3 g5
34. d6 cxd6 35. Qxd6 Kg8 36. Qd5+ Qf7 37. Qxf7+ Kxf7 38. Kf2 Rb8 39. Rd2 Rb6
40. Rd5 Kg6 41. Rd2 Reb7 42. Ke2 Re6 43. Kf2 Rb1 44. Rcd3 Rbb6 45. Re2 h5 46.
h3 Rb1 47. Rc2 h4 48. Re2 Reb6 49. e4 fxe4 50. fxe4 R1b2 51. Rxb2 Rxb2+ 52. Ke3
Kf6 53. Rd6+ Ke5 54. Rd5+ Kf6 55. Rd6+ Kf7 56. Rd3 Rg2 57. Kd4 Ke6 58. Rf3 a5
59. Rf5 a4 60. Kc4 Re2 61. Kd4 Rd2+ 62. Kc4 Re2 63. Kd4 Ra2 64. Rxg5 Rxa3 65.
Rg6+ Kf7 66. Ra6 Ra1 67. Kc4 Rc1+ 68. Kb4 Re1 69. Kxa4 Rxe4+ 70. Kb5 Re3 71.
Kc4 Rxh3 72. Kd4 Kg7 73. Ke4 Rg3 74. Kf4 Rg1 75. Ra7+ 1/2-1/2

[Event "Landesliga Ost MVP 2013-14"]
[Site "?"]
[Date "2014.02.23"]
[Round "6.4"]
[White "Stoevesand, Eric"]
[Black "Richter, Frank"]
[Result "0-1"]
[WhiteElo "1929"]
[BlackElo "1655"]
[PlyCount "59"]
[EventType "team-tourn"]
[EventRounds "9"]
[EventCountry "GER"]
[WhiteTeam "SG Eintracht Neubrandenburg"]
[BlackTeam "SV Waterkant Saal"]
[WhiteTeamCountry "GER"]
[BlackTeamCountry "GER"]

1. e4 d6 2. d4 g6 3. Nf3 Bg7 4. c4 Nf6 5. Nc3 O-O 6. Be2 Nbd7 7. O-O c5 8. d5
a6 9. a3 Ne8 10. Rb1 Ne5 11. Bf4 Nxf3+ 12. Bxf3 Bd7 13. Qe2 e5 14. dxe6 fxe6
15. Qd2 Rxf4 16. Qxf4 Be5 17. Qd2 Qf6 18. Be2 Bc6 19. Bd3 Qh4 20. g3 Qh3 21.
Ne2 Nf6 22. f3 Rf8 23. b4 b5 24. cxb5 axb5 25. bxc5 dxc5 26. Bxb5 Bxb5 27. Rxb5
Ng4 28. Nf4 Rxf4 29. gxf4 Bd4+ 30. Kh1 0-1

[Event "Landesliga Ost MVP 2013-14"]
[Site "?"]
[Date "2014.02.23"]
[Round "6.5"]
[White "Nickel, Reimo"]
[Black "Beier, Karsten"]
[Result "1/2-1/2"]
[WhiteElo "1767"]
[BlackElo "1894"]
[PlyCount "33"]
[EventType "team-tourn"]
[EventRounds "9"]
[EventCountry "GER"]
[WhiteTeam "SV Waterkant Saal"]
[BlackTeam "SG Eintracht Neubrandenburg"]
[WhiteTeamCountry "GER"]
[BlackTeamCountry "GER"]

1. d4 Nf6 2. c4 g6 3. Nf3 Bg7 4. Nc3 O-O 5. Bf4 d6 6. h3 Nbd7 7. e3 Re8 8. Be2
b6 9. O-O Bb7 10. Qc2 e6 11. Rac1 Qe7 12. Rfd1 Rac8 13. Nb5 a6 14. Nc3 e5 15.
dxe5 Nxe5 16. Bxe5 dxe5 17. Rd2 1/2-1/2

[Event "Landesliga Ost MVP 2013-14"]
[Site "?"]
[Date "2014.02.23"]
[Round "6.6"]
[White "Kunow, Frank"]
[Black "Ehmann, Roland"]
[Result "0-1"]
[WhiteElo "1793"]
[BlackElo "1507"]
[PlyCount "80"]
[EventType "team-tourn"]
[EventRounds "9"]
[EventCountry "GER"]
[WhiteTeam "SG Eintracht Neubrandenburg"]
[BlackTeam "SV Waterkant Saal"]
[WhiteTeamCountry "GER"]
[BlackTeamCountry "GER"]

1. Nf3 d6 2. e4 e5 3. d4 exd4 4. Qxd4 Nc6 5. Bb5 Bd7 6. Qc3 Nf6 7. O-O Be7 8.
Re1 O-O 9. Bf4 Nh5 10. Bc1 Bf6 11. Qd2 Ne5 12. Nxe5 Bxb5 13. Ng4 h6 14. Nxf6+
Nxf6 15. Nc3 Ba6 16. Qf4 Qd7 17. h3 Rfe8 18. Be3 Re6 19. Rad1 Rae8 20. Bd4 Qc6
21. Qg3 Kh7 22. f4 g6 23. e5 Nh5 24. Qf2 Ng7 25. g4 b6 26. f5 gxf5 27. gxf5
Nxf5 28. Re4 Rg6+ 29. Rg4 Bc8 30. Rxg6 fxg6 31. Re1 Bb7 32. Ne4 dxe5 33. Bc3
Qe6 34. Qf3 Re7 35. Ng5+ hxg5 36. Qxb7 Qd6 37. Qe4 Qc5+ 38. Kg2 Nh4+ 39. Kg3
Rf7 40. Qg4 Qf2# 0-1

[Event "Landesliga Ost MVP 2013-14"]
[Site "?"]
[Date "2014.02.23"]
[Round "6.7"]
[White "Nickel, Udo"]
[Black "Meyer, Detlef"]
[Result "1-0"]
[WhiteElo "1675"]
[BlackElo "1827"]
[PlyCount "77"]
[EventType "team-tourn"]
[EventRounds "9"]
[EventCountry "GER"]
[WhiteTeam "SV Waterkant Saal"]
[BlackTeam "SG Eintracht Neubrandenburg"]
[WhiteTeamCountry "GER"]
[BlackTeamCountry "GER"]

1. d4 d5 2. c4 c6 3. Nf3 Nf6 4. Nc3 Bg4 5. e3 e6 6. h3 Bxf3 7. Qxf3 Bb4 8. Qd1
O-O 9. a3 Bxc3+ 10. bxc3 Ne4 11. Qc2 Nd7 12. cxd5 exd5 13. Bd3 Ndf6 14. O-O Re8
15. c4 Rc8 16. Qb3 Re7 17. a4 Qa5 18. Rd1 dxc4 19. Bxc4 Qf5 20. Qb2 b5 21. Bd3
Qh5 22. Be2 Qf5 23. Bf3 a6 24. Bd2 Nd6 25. Bb4 Nc4 26. Qc3 Ree8 27. axb5 axb5
28. Ra6 Nd5 29. Bxd5 cxd5 30. Bc5 Ra8 31. Rda1 Rxa6 32. Rxa6 Qb1+ 33. Kh2 Qf1
34. Qc2 b4 35. Ra7 g6 36. Qa4 Re6 37. Qxb4 Qxf2 38. Qb8+ Kg7 39. Qf8+ 1-0

[Event "Landesliga Ost MVP 2013-14"]
[Site "?"]
[Date "2014.03.16"]
[Round "7.1"]
[White "Alder, Bodo"]
[Black "Dao Xuan, Duong"]
[Result "1/2-1/2"]
[WhiteElo "1915"]
[BlackElo "1731"]
[PlyCount "69"]
[EventType "team-tourn"]
[EventRounds "9"]
[EventCountry "GER"]
[WhiteTeam "SC Seehotel Binz-Therme Rügen"]
[BlackTeam "SG Eintracht Neubrandenburg II"]
[WhiteTeamCountry "GER"]
[BlackTeamCountry "GER"]

1. e4 e5 2. Nf3 Nc6 3. d3 Nf6 4. c3 d6 5. Be2 h6 6. Nbd2 Nh7 7. Nf1 f5 8. exf5
Bxf5 9. Ng3 Bg6 10. Nd2 Nf6 11. Nde4 Bf7 12. O-O Nd7 13. f4 d5 14. fxe5 Ndxe5
15. Nf2 Bd6 16. Nf5 O-O 17. d4 Nc4 18. b3 Be6 19. Nxd6 Nxd6 20. Bg4 Qd7 21. Bf3
Ne7 22. Nd3 Ne4 23. Bd2 Ng6 24. Qe2 Bf5 25. Bxe4 dxe4 26. Nc5 Qc6 27. Qh5 b6
28. Rxf5 Rxf5 29. Qxf5 bxc5 30. d5 Ne7 31. Qxe4 Qxd5 32. Qxe7 Qxd2 33. Qxc5 Rf8
34. Qd4 Qb2 35. Re1 1/2-1/2

[Event "Landesliga Ost MVP 2013-14"]
[Site "?"]
[Date "2014.03.16"]
[Round "7.2"]
[White "Rehbein, Hans Juergen"]
[Black "Oergel, Ullrich"]
[Result "1/2-1/2"]
[WhiteElo "1652"]
[BlackElo "1740"]
[PlyCount "79"]
[EventType "team-tourn"]
[EventRounds "9"]
[EventCountry "GER"]
[WhiteTeam "SG Eintracht Neubrandenburg II"]
[BlackTeam "SC Seehotel Binz-Therme Rügen"]
[WhiteTeamCountry "GER"]
[BlackTeamCountry "GER"]

1. Nf3 d5 2. c4 Nf6 3. g3 c6 4. b3 g6 5. Bb2 Bg7 6. Bg2 O-O 7. O-O dxc4 8. bxc4
Re8 9. d4 Nbd7 10. e3 Nb6 11. Nbd2 Bf5 12. Qb3 Qc8 13. Ne5 Nbd7 14. e4 Be6 15.
d5 cxd5 16. cxd5 Nc5 17. Qa3 Bd7 18. Rac1 b6 19. Nb3 Bb5 20. Nxc5 bxc5 21. Rxc5
Qb8 22. Rfc1 a6 23. Rc7 Ra7 24. Qc5 Rxc7 25. Qxc7 Qa8 26. Ba3 Qb8 27. Qxb8 Rxb8
28. Nc6 Bxc6 29. dxc6 e6 30. c7 Rc8 31. Bf1 Ne8 32. Bxa6 Rxc7 33. Rxc7 Nxc7 34.
Bc4 Bd4 35. Bb4 Ne8 36. Be7 Nc7 37. a4 Ne8 38. a5 Nf6 39. Bd3 Ng4 40. Kg2
1/2-1/2

[Event "Landesliga Ost MVP 2013-14"]
[Site "?"]
[Date "2014.03.16"]
[Round "7.3"]
[White "Horch, Helmut"]
[Black "Witkowski, Rainer"]
[Result "0-1"]
[WhiteElo "1697"]
[BlackElo "1833"]
[PlyCount "110"]
[EventType "team-tourn"]
[EventRounds "9"]
[EventCountry "GER"]
[WhiteTeam "SC Seehotel Binz-Therme Rügen"]
[BlackTeam "SG Eintracht Neubrandenburg II"]
[WhiteTeamCountry "GER"]
[BlackTeamCountry "GER"]

1. d4 e6 2. Nf3 d5 3. c4 c6 4. e3 f5 5. Be2 Nd7 6. Nc3 Bd6 7. O-O Ngf6 8. Ng5
Qe7 9. f4 O-O 10. a3 Ne4 11. Ncxe4 fxe4 12. Bd2 Nf6 13. Rc1 Bd7 14. g4 h6 15.
Nh3 Nh7 16. Qe1 g5 17. c5 Bc7 18. Qg3 Rf7 19. Rf2 Nf8 20. Qg2 Ng6 21. fxg5 Rxf2
22. Nxf2 hxg5 23. Rf1 e5 24. Bc3 Rf8 25. Nh1 Rxf1+ 26. Qxf1 exd4 27. Bxd4 Be5
28. Bxe5 Qxe5 29. Qc1 d4 30. Bc4+ Kh7 31. Qf1 Bxg4 32. Nf2 Bf5 33. exd4 Qxd4
34. Qe2 Nf4 35. Qc2 Bg6 36. Qc3 Qxc3 37. bxc3 Nd5 38. Bxd5 cxd5 39. Ng4 Kg7 40.
Ne3 Bf7 41. Nc2 Be8 42. Kf2 Kg6 43. Kg3 Ba4 44. Ne3 Bc6 45. Nc2 Kf6 46. Kg4
Bd7+ 47. Kg3 Ke5 48. Nd4 Ba4 49. Kf2 Kf4 50. Ne6+ Kg4 51. Nd4 Kh3 52. Ne6 Kg4
53. Ke3 Bd7 54. Nf8 Bf5 55. h3+ Kxh3 0-1

[Event "Landesliga Ost MVP 2013-14"]
[Site "?"]
[Date "2014.03.16"]
[Round "7.4"]
[White "Buenz, Heinrich"]
[Black "Ilanz, Kazimierz"]
[Result "1/2-1/2"]
[WhiteElo "1714"]
[BlackElo "1602"]
[PlyCount "106"]
[EventType "team-tourn"]
[EventRounds "9"]
[EventCountry "GER"]
[WhiteTeam "SG Eintracht Neubrandenburg II"]
[BlackTeam "SC Seehotel Binz-Therme Rügen"]
[WhiteTeamCountry "GER"]
[BlackTeamCountry "GER"]

1. Nf3 d5 2. c4 e6 3. g3 Nf6 4. Bg2 c6 5. cxd5 cxd5 6. b3 g6 7. Bb2 Bg7 8. Na3
Bd7 9. Rc1 a6 10. O-O Nc6 11. Nc2 O-O 12. Ne5 Nxe5 13. Bxe5 Rc8 14. d3 Bh6 15.
e3 Bb5 16. Qd2 Ng4 17. Bc3 Nf6 18. Nd4 Bd7 19. Bb4 Re8 20. Rxc8 Qxc8 21. Rc1
Qb8 22. Nf3 Rc8 23. Bc3 Bg7 24. Be5 Rxc1+ 25. Qxc1 Qc8 26. Qxc8+ Bxc8 27. Nd2
Bd7 28. Kf1 Bb5 29. Ke2 Ng4 30. Bxg7 Kxg7 31. Nf3 Kf6 32. a4 Bc6 33. h3 Ne5 34.
Nd4 Nd7 35. e4 dxe4 36. Nxc6 exd3+ 37. Kxd3 bxc6 38. Kc4 Ke7 39. Bxc6 Kd6 40.
Bxd7 Kxd7 41. Kc5 Kc7 42. b4 f6 43. f3 h5 44. h4 g5 45. hxg5 fxg5 46. Kd4 h4
47. gxh4 gxh4 48. Ke3 Kd6 49. Kf4 Kd5 50. b5 axb5 51. axb5 Kc5 52. Kg4 Kxb5 53.
Kxh4 Kc5 1/2-1/2

[Event "Landesliga Ost MVP 2013-14"]
[Site "?"]
[Date "2014.03.16"]
[Round "7.5"]
[White "Koesterke, Klaus"]
[Black "Winkler, Karl"]
[Result "0-1"]
[WhiteElo "1386"]
[BlackElo "1774"]
[PlyCount "131"]
[EventType "team-tourn"]
[EventRounds "9"]
[EventCountry "GER"]
[WhiteTeam "SC Seehotel Binz-Therme Rügen"]
[BlackTeam "SG Eintracht Neubrandenburg II"]
[WhiteTeamCountry "GER"]
[BlackTeamCountry "GER"]

1. d4 Nf6 2. c4 e6 3. Nc3 Bb4 4. Bd2 O-O 5. a3 Bxc3 6. Bxc3 b6 7. Qc2 Bb7 8. f3
d5 9. e3 Nbd7 10. c5 a5 11. b4 axb4 12. Bxb4 bxc5 13. dxc5 c6 14. Bd3 Ba6 15.
Ne2 Bxd3 16. Qxd3 Ne5 17. Qc3 Qc7 18. O-O Nc4 19. Ng3 Qe5 20. Qxe5 Nxe5 21. Bc3
Nc4 22. a4 Nxe3 23. Rfb1 Rfb8 24. Rxb8+ Rxb8 25. a5 h6 26. a6 Ra8 27. a7 Nd7
28. Ra2 Nc4 29. Bb4 g5 30. Kf2 Kf8 31. Ne2 e5 32. Nc3 Ke8 33. g4 Kd8 34. Ke2
Kc8 35. Kd3 Kb7 36. Ne2 Rxa7 37. Rxa7+ Kxa7 38. h3 Ka6 39. Ng3 Kb5 40. Kc3 Nxc5
41. Bxc5 Kxc5 42. Nf5 Nd6 43. Nxh6 e4 44. fxe4 Nxe4+ 45. Kd3 Nd6 46. Ng8 f5 47.
gxf5 Nxf5 48. Nf6 Ng3 49. Ng4 Ne4 50. Ke3 Kd6 51. Ke2 c5 52. Kd3 c4+ 53. Kd4 c3
54. Ne3 Nf2 55. Kxc3 Nxh3 56. Kd4 Nf4 57. Ng4 Ne6+ 58. Kd3 Kc5 59. Nf2 Nf4+ 60.
Kd2 Kd4 61. Ng4 Ke4 62. Nh2 Ne6 63. Ng4 Kf4 64. Ne3 d4 65. Ng2+ Kg3 66. Ne1 0-1